Michelangelo /

में बचाया:
ग्रंथसूची विवरण
मुख्य लेखक: Brugnoli, Maria Vittoria (लेखक)
स्वरूप: पुस्तक
भाषा:इतालवी
प्रकाशित: Milano : Giunti Martello, stampa 1978
श्रृंखला:Disegnatori italiani
टैग: टैग जोड़ें
कोई टैग नहीं, इस रिकॉर्ड को टैग करने वाले पहले व्यक्ति बनें!

MARC

LEADER 00000nam a22000007i 4500
001 IT\ICCU\RLZ\0066302
003 ItRI
005 20250914172731.0
008 020627s1978 it |||||| ||||| |||||c
040 |b ita  |c ct 
041 7 |a ita  |2 ISO-639-2 
100 1 |a Brugnoli, Maria Vittoria  |0 IT\ICCU\CFIV\017231  |4 aut 
245 1 0 |a Michelangelo /  |c testo di Maria Vittoria Brugnoli. 
260 |a Milano :  |b Giunti Martello,  |c stampa 1978 
300 |a 31, 62 p. :  |b ill. ;  |c 32 cm 
830 0 |a Disegnatori italiani  |0 IT\ICCU\CFI\0030502 
942 |2 ddc  |c BK 
952 |0 0  |1 0  |2 ddc  |4 0  |6 B_AGF01BUOMIMIC11  |7 1  |9 5349  |a MI  |b MI  |d 2005-08-25  |i 4723  |l 0  |o B-AGF01-BUOMI-MIC11  |p CDOM4723  |r 2025-07-13 16:27:00  |w 2025-07-13  |x ACQUISTO  |y BK 
981 1 |6 z01  |a i   |b xxxe  
982 1 |6 z01  |a n 
999 |c 4269  |d 4269